000 01468nam a22001577a 4500
003 OSt
005 20250619113856.0
008 230518s2010 |||||||| |||| 00| f eng d
020 _a9780679603757
040 _aCO-JMCR
_bspa
_cCO-JMCR
082 0 4 _aA-N
_bHILu
_223
100 1 _aHillenbrand, Laura /
_eautora
_942742
245 1 0 _aUnbroken :
_bA world war II story of survival, resilience, and redemption /
_cLaura Hillenbrand
520 _aIn boyhood, Louis Zamperini was an incorrigible delinquent. As a teenager, he channeled his defiance into running, discovering a prodigious talent that carried him to the Berlin Olympics. But when World War II began, the athlete became an airman, embarking on a journey that led to a doomed flight on a May afternoon in 1943. When his Army Air Forces bomber crashed into the Pacific Ocean, against all odds, Zamperini survived, adrift on a foundering life raft. Ahead of Zamperini lay thousands of miles of open ocean, leaping sharks, thirst and starvation, enemy aircraft, and, beyond, a trial even greater. Driven to the limits of endurance, Zamperini would answer desperation with ingenuity; suffering with hope, resolve, and humor; brutality with rebellion. His fate, whether triumph or tragedy, would be suspended on the graying wire of his will. Unbroken is an unforgettable testament to the resilience of the human mind, body, and spirit, brought vividly to life by Seabiscuit author Laura Hillenbrand
942 _2ddc
_cBK
999 _c30044
_d16428